000 00624nam a2200205Ia 4500
005 20240313093817.0
008 131103s9999 xx 000 0 und d
040 _aLoreto College
041 _aEnglish
082 _a373
_bMAN
245 _aWhither Secondary Education.
_cEdited by G.S Mansukhani and G.S Dhillon
260 _aNew Delhi
_bOxford & IBH Publishing
_c1973
300 _axii,252 p.
440 _aStudies In Indian Education Series; No.2
504 _aIncludes bibliographical references and index
650 _aSecondary Education
700 _aMarsukhani,G.S.,ed.
850 _aLCLIB
942 _cBK
999 _c10643
_d61122